| 000 | 00499cam a2200205ua 4500 | ||
|---|---|---|---|
| 001 | 11393 | ||
| 005 | 20260515114740.0 | ||
| 008 | 190917n ii |||gr||||Z||||||eng | ||
| 020 | _a9788183765930 | ||
| 040 | _cMAIN | ||
| 041 | _aeng | ||
| 082 | _a301 | ||
| 100 |
_aSohan Kashyap, _eAuthor. |
||
| 245 |
_aDr. BR Ambedkar and society _cBy Sohan Kashyap |
||
| 250 | _a1st ed. | ||
| 260 |
_aJaipur: _bABDpublishers, _c2019. |
||
| 300 | _a256p. | ||
| 653 | _aSociology & anthropology | ||
| 942 | _cBK | ||
| 999 |
_c10224 _d10224 |
||